ArranzBravo (Record no. 2908)

MARC details
000 - LÍDER
campo de control de longitud fija 00892nam a2200205Ia 4500
008 - ELEMENTOS DE DATOS DE LONGITUD FIJA - INFORMACIÓN GENERAL
campo de control de longitud fija 0000001990 usa 0000000000eng00
090 ## - NÚMERO DE LLAMADA DE TIPO LC LOCALMENTE ASIGNADO (OCLC)
Número de clasificación (OCLC) (R) PSP00 A77a1
100 1# - ENTRADA PRINCIPAL - NOMBRE PERSONAL
Nombre de la persona ArranzBravo, Eduardo
Fechas asociadas a un nombre 1941
245 13 - TÍTULO DECLARACIÓN
Título ArranzBravo
Resto del título : the pantocrator series, the Susana and the Elders series
Declaración de responsabilidad / photo Ferrán Freixa, Eric Berenguer
260 ## - PUBLICACIÓN, DISTRIBUCIÓN
Lugar de publicación New York : Ergane Gallery
Fecha de publicación 1990
300 ## - DESCRIPCIÓN FÍSICA
Alcance [48] p.
Dimensiones / 30 cm.
500 ## - NOTA GENERAL
Nota general Exposición realizada en Ergane Gallery, New York, Noviembre, 1990 \ Con el patronazgo del maestro venezolano Jesús Rafael Soto (q.e.p.d.) \ Registro auspiciado por el IDCT. Bogotá
600 00 - ENTRADA DE SUJETO AÑADIDO - NOMBRE PERSONAL
Nombre de la persona ARRANZBRAVO, EDUARDO, 1941/
Subdivisión general TRABAJOS PICTORICOS
650 14 - ENTRADA DE SUJETO AÑADIDO - TÉRMINO TÓPICO
Término tópico o elemento de entrada del nombre geográfico ARTE CONTEMPORANEO ESPAÑOL
650 14 - ENTRADA DE SUJETO AÑADIDO - TÉRMINO TÓPICO
Subdivisión general CATALOGOS
650 14 - ENTRADA DE SUJETO AÑADIDO - TÉRMINO TÓPICO
Subdivisión general EXPOSICIONES
650 14 - ENTRADA DE SUJETO AÑADIDO - TÉRMINO TÓPICO
Término tópico o elemento de entrada del nombre geográfico PINTORES ESPAÑOLES
650 14 - ENTRADA DE SUJETO AÑADIDO - TÉRMINO TÓPICO
Término tópico o elemento de entrada del nombre geográfico PINTURA ESPAÑOLA
700 1# - ENTRADA AGREGADA - NOMBRE PERSONAL
Nombre de la persona FreiXa, Ferrán \ Berenguer, Eric
Holdings
Estado de retirada Pérdida de estatus Estado dañado No para préstamo Código de recogida Ubicación permanente Ubicación actual Ubicación de las estanterías Fecha de adquisición Número de llamada completo Código de barras Fecha de la última vez que se vio Número de copia Precio efectivo desde Tipo de artículo Koha
        General ArtNexus ArtNexus General 06/09/2022 P-SP-00 A77A1 2911 06/09/2022 Ej.1 06/09/2022 Libro

Powered by Koha